000
00291 a2200133 4500
003
Nust
005
20170207154023.0
035
_a
512.13
040
_c
Nust
245
_a
Expressions(EBOOK)
_c
Using Maya: Hypergraph, Sets & Expressions
300
_a
274p
650
_a
Expressions
651
_a
EBOOK
942
_2
ddc
_c
BK
999
_c
191754
_d
191754